Charaktere in Filmen #01 - Statistiken

Allgemein
  • Dieses Quiz wurde 392 mal gespielt
  • Das Durchschnittsergebnis liegt bei 10 aus 25
Antwortstatistiken
Hint Antwort % Korrekt
May Parker Spider-Man
73%
Primrose Everdeen Die Tribute von Panem
65%
Apollo Creed Rocky
56%
Lando Calrissian Star Wars - Das Imperium schlägt zurück
56%
Michael Corleone Der Pate
54%
Ethan Hunt Mission Impossible
48%
Sarah J. Connor Terminator
48%
Wade Wilson Deadpool
47%
Rose DeWitt Bukater Titanic
45%
Axel Foley Beverly Hills Cop
44%
James P. "Sulley" Sullivan Monster AG
42%
Jean-Baptiste Grenouille Das Parfüm
40%
Brian O’Conner Fast & Furious
39%
Norman Bates Psycho
39%
Jake Sully Avatar
37%
Clarence Starling Das Schweigen der Lämmer
35%
Brunhilde von Shaft Django Unchained
31%
Jean Valjean Les Misérables
30%
Ellie Sattler Jurassic Park
26%
Andy Dufresne Die Verurteilten
23%
Victor László Casablanca
19%
Jack Torrance Shining
17%
Dan Taylor Forrest Gump
15%
Martin Brody Der weiße Hai
14%
John J. Dunbar Der mit dem Wolf tanzt
13%
Keine übereinstimmenden Quizze gefunden
Verteilung der Resultate
Anzahl Personen mit jedem Resultat
Perzentil nach korrekt beantworteten Fragen
Ihre Resultats-Entwicklung
Sie haben dieses Quiz noch nicht gespielt